Empresas multinacionales Latinoamericanas

Đã lưu trong:
Bibliografiske detaljer
Hovedforfatter: White, Eduardo J.
Format: Bog
Sprog:Undetermined
Udgivet: Mexico Fondo de Cultura Economia 1973
Fag:
Tags: Tilføj Tag
Ingen Tags, Vær først til at tagge denne postø!
Thư viện lưu trữ: Trung tâm Học liệu Trường Đại học Cần Thơ
LEADER 00498nam a2200181Ia 4500
001 CTU_81806
008 210402s9999 xx 000 0 und d
082 |a 338.8 
082 |b W581 
100 |a White, Eduardo J. 
245 0 |a Empresas multinacionales Latinoamericanas 
245 0 |c Eduardo J. White 
260 |a Mexico 
260 |b Fondo de Cultura Economia 
260 |c 1973 
650 |a Social policy 
904 |i Trọng Hải 
980 |a Trung tâm Học liệu Trường Đại học Cần Thơ